000 00600nam a22001937a 4500
005 20251108164713.0
008 250721s1997 xx 000 0 ara d
082 1 4 _a811.9095662/قضا
100 1 _aالقضاة، محمد أحمد
245 1 0 _aشعر عبد الله البردوني /
264 1 _aبيروت :
_bالمؤسسة العربية للدراسات و النشر،
_c1997.
300 _a225ص.
650 1 7 _aالشعر العربي
650 1 7 _aالتاريخ الأدبي
650 1 7 _aالنقد الأدبي
650 1 7 _aاليمن
942 _2ddc
_cBK
999 _c12256
_d12256